书目信息 |
| 题名: |
宋元四大戏文读本
|
|
| 作者: | 俞为民 校注 | |
| 分册: | ||
| 出版信息: | 南京 江苏古籍出版社 1988.2 |
|
| 页数: | 501页 | |
| 开本: | 20cm | |
| 丛书名: | ||
| 单 册: | ||
| 中图分类: | I237.2 | |
| 科图分类: | ||
| 主题词: | 戏剧文学--剧本--中国 | |
| 电子资源: | ||
| ISBN: | ||
| 000 | 00560nam0 2200193 45 | |
| 001 | 0312221749 | |
| 005 | 20050624084058.3 | |
| 010 | @dCNY5.20 | |
| 100 | @a20031222d1988 km y0chiy0120 ea | |
| 101 | @achi | |
| 105 | @a z 000yy | |
| 200 | 1 | @a宋元四大戏文读本@ASong Yuan Si Da Xi Wen Du Ben@f俞为民校注@FYu Wei Min Xiao Zhu |
| 210 | @a南京@c江苏古籍出版社@d1988.2 | |
| 215 | @a501页@d20cm | |
| 606 | 0 | @a戏剧文学@x剧本@x中国 |
| 690 | @aI237.2@v3 | |
| 701 | 0 | @a俞为民@4校注 |
| 801 | @aCN@bTSTCL@c20031222 | |
| 905 | @a213230@dI237.2@e35@b251636@f1@b254153@f1 | |
| 宋元四大戏文读本/俞为民校注.-南京:江苏古籍出版社,1988.2 |
| 501页;20cm |
| ISBN :CNY5.20 |
| ● |
| 相关链接 |
|
|
|
|
正题名:宋元四大戏文读本
索取号:I237.2/35
 
预约/预借
| 序号 | 登录号 | 条形码 | 馆藏地/架位号 | 状态 | 备注 |
| 1 | 0251636 | 000759370 | 第一样本阅览室/ [索取号:I237.2/35] | 在馆 | |
| 2 | 0254153 | 000763212 | 第二借阅区/ [索取号:I237.2/35] | 在馆 |